000 00624nam a22002297a 4500
003 OSt
005 20140310183629.0
008 130218t xxu||||| |||| 00| 0 eng d
050 _aP 96
_b.P355 1995
245 _aPeace process and media /
260 _aPasig City :
_bCenter for Media Freedom and Responsibilty,
_c1995.
300 _a34 p. :
_c23 cm.
521 _aMC
562 _e3
650 _aMass media
_vPolitical aspects.
650 _aGovernment and the press
_xPhilippines.
650 _aPress and politics
_vPhilippines.
942 _2lcc
_cBK
_kLOC
999 _c25561
_d25561